[Event "Titled Tuesday intern op 21st Dec"]
[Site "Chess.com INT"]
[Date "2021.12.21"]
[Round "4"]
[White "Brunner, Nicolas"]
[Black "Botea, David Alexandru"]
[Result "1-0"]
[WhiteElo "2415"]
[BlackElo "1909"]
[PlyCount "35"]
[EventDate "2021.12.21"]
[EventType "swiss (blitz)"]
[EventRounds "11"]
[EventCountry "USA"]
[SourceTitle "CBM 205 Extra"]
[Source "ChessBase"]
[SourceDate "2022.01.31"]
[SourceVersion "1"]
[SourceVersionDate "2022.01.31"]
[SourceQuality "1"]

1. d4 Nf6 2. c4 e6 3. g3 d5 4. Bg2 dxc4 5. Nf3 Nc6 6. Qa4 a6 7. Ne5 Qxd4 8. Bxc6+ bxc6 9. Qxc6+ Nd7 10. Nxd7 Bb4+ 11. Nd2 Qxd7 12. Qxa8 O-O 13. O-O Bxd2 14. Rd1 Qb5 15. Bxd2 Bb7 16. Qa7 c5 17. Be3 Qc6 18. f3 1-0

[Event "Titled Tuesday intern op 21st Dec"]
[Site "Chess.com INT"]
[Date "2021.12.21"]
[Round "4"]
[White "Budrewicz, Krzysztof"]
[Black "Gabrielian, Artur"]
[Result "0-1"]
[WhiteElo "2183"]
[BlackElo "2464"]
[PlyCount "48"]
[EventDate "2021.12.21"]
[EventType "swiss (blitz)"]
[EventRounds "11"]
[EventCountry "USA"]
[SourceTitle "CBM 205 Extra"]
[Source "ChessBase"]
[SourceDate "2022.01.31"]
[SourceVersion "1"]
[SourceVersionDate "2022.01.31"]
[SourceQuality "1"]

1. d4 Nf6 2. c4 c5 3. d5 e6 4. Nc3 exd5 5. cxd5 d6 6. e4 g6 7. Nf3 Bg7 8. Nd2 Nbd7 9. Be2 O-O 10. O-O Re8 11. Re1 a6 12. a4 Ne5 13. f4 Neg4 14. Bf3 h5 15. h3 Nxe4 16. Rxe4 Bd4+ 17. Rxd4 cxd4 18. hxg4 dxc3 19. Nf1 Qb6+ 20. Kh2 hxg4 21. a5 cxb2 22. Bxb2 Qxb2 23. Rb1 Qh8+ 24. Kg1 gxf3 0-1

[Event "Titled Tuesday intern op 21st Dec"]
[Site "Chess.com INT"]
[Date "2021.12.21"]
[Round "4"]
[White "Bulatova, Kamaliya"]
[Black "Adelman, Charles D"]
[Result "1-0"]
[WhiteElo "2139"]
[BlackElo "2268"]
[PlyCount "153"]
[EventDate "2021.12.21"]
[EventType "swiss (blitz)"]
[EventRounds "11"]
[EventCountry "USA"]
[SourceTitle "CBM 205 Extra"]
[Source "ChessBase"]
[SourceDate "2022.01.31"]
[SourceVersion "1"]
[SourceVersionDate "2022.01.31"]
[SourceQuality "1"]

1. d4 Nf6 2. Bf4 c5 3. d5 d6 4. Nc3 g6 5. e4 Bg7 6. Qd2 a6 7. a4 h5 8. Be2 Nbd7 9. f3 Rb8 10. a5 b5 11. axb6 Rxb6 12. Na4 Rb8 13. c3 h4 14. Nh3 Nh5 15. Bg5 Nb6 16. Nf2 Nf6 17. O-O Nxa4 18. Rxa4 Qb6 19. Ra2 h3 20. g3 Nd7 21. Rfa1 Qb3 22. Bd1 Qb6 23. Nd3 Ne5 24. Nxe5 Bxe5 25. Be3 Qb7 26. Be2 Qb3 27. Bxa6 Bxa6 28. Rxa6 O-O 29. R6a2 Rb7 30. Qd1 Qc4 31. Ra4 Qb3 32. Qxb3 Rxb3 33. Bc1 Rfb8 34. Ra7 Bf6 35. R1a3 R3b5 36. Rd7 R5b7 37. Rxb7 Rxb7 38. Kf2 Kg7 39. f4 e6 40. dxe6 fxe6 41. Ra6 Be7 42. Kf3 Kf7 43. Kg4 d5 44. exd5 exd5 45. Ra5 Rd7 46. Kxh3 d4 47. Bd2 d3 48. Ra6 Rb7 49. b4 cxb4 50. cxb4 Rc7 51. Ra2 Rc2 52. Rxc2 dxc2 53. Bc1 Bxb4 54. Kg2 Kf6 55. Kf3 Bc5 56. Ke4 Bg1 57. h3 Bf2 58. g4 Bc5 59. Kd3 Bd6 60. Kxc2 Bc7 61. Kd3 Kf7 62. Ke4 Bd6 63. f5 gxf5+ 64. Kxf5 Kg7 65. h4 Kh7 66. Bb2 Be7 67. h5 Bd8 68. g5 Bb6 69. Bf6 Be3 70. Be5 Bd2 71. Bf4 Bc3 72. g6+ Kg8 73. Be5 Bd2 74. Bf4 Bc3 75. h6 Bb2 76. Be5 Bc1 77. h7+ 1-0

[Event "Titled Tuesday intern op 21st Dec"]
[Site "Chess.com INT"]
[Date "2021.12.21"]
[Round "4"]
[White "Bures, Vit"]
[Black "Jakubowski, Krzysztof"]
[Result "0-1"]
[WhiteElo "2119"]
[BlackElo "2471"]
[PlyCount "96"]
[EventDate "2021.12.21"]
[EventType "swiss (blitz)"]
[EventRounds "11"]
[EventCountry "USA"]
[SourceTitle "CBM 205 Extra"]
[Source "ChessBase"]
[SourceDate "2022.01.31"]
[SourceVersion "1"]
[SourceVersionDate "2022.01.31"]
[SourceQuality "1"]

1. d4 d5 2. c4 e6 3. Nc3 c6 4. e3 f5 5. Bd3 Nf6 6. Nge2 Bd6 7. f3 O-O 8. Qc2 Nbd7 9. O-O Qe8 10. Bd2 Qh5 11. g3 g5 12. Rae1 dxc4 13. Bxc4 Nb6 14. Bb3 g4 15. Nf4 Bxf4 16. exf4 gxf3 17. h4 Kh8 18. Qd3 Rg8 19. Qxf3 Qxh4 20. Kg2 Nh5 21. Ne2 Qg4 22. Rh1 Nf6 23. Nc3 Nbd5 24. Nxd5 cxd5 25. Bd1 Qxf3+ 26. Bxf3 Bd7 27. Rc1 Rac8 28. Bb4 Rxc1 29. Rxc1 Bc6 30. Bd6 Kg7 31. Be5 Kf7 32. Rh1 Rg7 33. Rh6 Rg6 34. Rh1 Kg8 35. Kf2 Ne4+ 36. Bxe4 dxe4 37. Rc1 Rh6 38. b4 Rh2+ 39. Ke3 Rg2 40. b5 Rxg3+ 41. Ke2 Bxb5+ 42. Kd2 Bc6 43. Rc5 Kf7 44. a4 h5 45. a5 a6 46. Ke2 h4 47. Kf2 e3+ 48. Ke2 h3 0-1

[Event "Titled Tuesday intern op 21st Dec"]
[Site "Chess.com INT"]
[Date "2021.12.21"]
[Round "4"]
[White "Buscar, Michael"]
[Black "Arias Gaviria, Mario Alexis"]
[Result "0-1"]
[WhiteElo "2088"]
[BlackElo "2181"]
[PlyCount "40"]
[EventDate "2021.12.21"]
[EventType "swiss (blitz)"]
[EventRounds "11"]
[EventCountry "USA"]
[SourceTitle "CBM 205 Extra"]
[Source "ChessBase"]
[SourceDate "2022.01.31"]
[SourceVersion "1"]
[SourceVersionDate "2022.01.31"]
[SourceQuality "1"]

1. d4 Nf6 2. Nf3 g6 3. g3 Bg7 4. Bg2 O-O 5. O-O d6 6. b3 c6 7. Bb2 a5 8. a4 Na6 9. Nbd2 Nd7 10. Nc4 Qc7 11. Qd2 Re8 12. d5 Bxb2 13. Nxb2 cxd5 14. Qxd5 Nb4 15. Qb5 Qxc2 16. Nc4 Nc6 17. e4 Nc5 18. Nd4 Qc3 19. Nb6 Bd7 20. Nxd7 Nxd4 0-1

[Event "Titled Tuesday intern op 21st Dec"]
[Site "Chess.com INT"]
[Date "2021.12.21"]
[Round "4"]
[White "Corrales Jimenez, Fidel"]
[Black "Sinitsina, Anastassia"]
[Result "0-1"]
[WhiteElo "2530"]
[BlackElo "2159"]
[PlyCount "107"]
[EventDate "2021.12.21"]
[EventType "swiss (blitz)"]
[EventRounds "11"]
[EventCountry "USA"]
[SourceTitle "CBM 205 Extra"]
[Source "ChessBase"]
[SourceDate "2022.01.31"]
[SourceVersion "1"]
[SourceVersionDate "2022.01.31"]
[SourceQuality "1"]

1. e4 e5 2. f4 d5 3. exd5 exf4 4. Nf3 Nf6 5. Bb5+ Bd7 6. Qe2+ Qe7 7. Bxd7+ Nbxd7 8. c4 Qxe2+ 9. Kxe2 O-O-O 10. d4 Bd6 11. Nc3 Rhe8+ 12. Kd3 b6 13. Bd2 a6 14. Rae1 h6 15. a3 g5 16. b4 Ng4 17. Rhf1 Bf8 18. h3 Ngf6 19. Rxe8 Rxe8 20. Re1 Rxe1 21. Bxe1 Kb7 22. Ne4 b5 23. Nc5+ Ka7 24. Ne5 bxc4+ 25. Nxc4 Nxc5+ 26. dxc5 Nxd5 27. Ke4 Ne7 28. Bc3 f5+ 29. Kd3 Kb7 30. Bh8 Kc8 31. Kd4 Kd7 32. Bf6 Ke6 33. Bxe7 Bxe7 34. a4 g4 35. hxg4 fxg4 36. Ke4 Bg5 37. Ne5 h5 38. Nc6 h4 39. b5 axb5 40. a5 Kd7 41. Nd4 f3 42. gxf3 g3 43. f4 g2 44. Nf3 Be7 45. Ng1 Bxc5 46. Nh3 g1=Q 47. Nxg1 Bxg1 48. f5 Ke7 49. Kf3 Kf6 50. a6 b4 51. Kg4 Ba7 52. Kxh4 b3 53. Kg4 b2 54. Kf3 0-1

[Event "Titled Tuesday intern op 21st Dec"]
[Site "Chess.com INT"]
[Date "2021.12.21"]
[Round "4"]
[White "Csonka, Balazs"]
[Black "Martic, Ivan"]
[Result "1-0"]
[WhiteElo "2480"]
[BlackElo "2287"]
[PlyCount "69"]
[EventDate "2021.12.21"]
[EventType "swiss (blitz)"]
[EventRounds "11"]
[EventCountry "USA"]
[SourceTitle "CBM 205 Extra"]
[Source "ChessBase"]
[SourceDate "2022.01.31"]
[SourceVersion "1"]
[SourceVersionDate "2022.01.31"]
[SourceQuality "1"]

1. d4 Nf6 2. c4 g6 3. Nc3 Bg7 4. g3 d5 5. cxd5 Nxd5 6. Bg2 Nxc3 7. bxc3 c5 8. e3 O-O 9. Ne2 Qa5 10. O-O Nc6 11. Qb3 Qa6 12. Nf4 cxd4 13. cxd4 e5 14. dxe5 Nxe5 15. Ba3 Re8 16. Rac1 Rb8 17. Rc7 Be6 18. Nxe6 Rxe6 19. Rxb7 Rxb7 20. Bxb7 Qb6 21. Bd5 Qxb3 22. axb3 Ra6 23. Be7 Ra2 24. Rc1 h5 25. h3 Rd2 26. e4 Nf3+ 27. Kg2 Bd4 28. Rf1 Ne5 29. Bf6 Kf8 30. Bxe5 Bxe5 31. h4 Bd4 32. Kf3 Ke7 33. Bc4 Kd6 34. Bxf7 Ke7 35. Bxg6 1-0

[Event "Titled Tuesday intern op 21st Dec"]
[Site "Chess.com INT"]
[Date "2021.12.21"]
[Round "4"]
[White "Degtiarev, Evgeny"]
[Black "Martin Carmona, Gaston Manuel"]
[Result "1-0"]
[WhiteElo "2380"]
[BlackElo "2362"]
[PlyCount "49"]
[EventDate "2021.12.21"]
[EventType "swiss (blitz)"]
[EventRounds "11"]
[EventCountry "USA"]
[SourceTitle "CBM 205 Extra"]
[Source "ChessBase"]
[SourceDate "2022.01.31"]
[SourceVersion "1"]
[SourceVersionDate "2022.01.31"]
[SourceQuality "1"]

1. d4 Nf6 2. c4 c5 3. d5 b5 4. Nd2 g6 5. e4 d6 6. Ngf3 Bg7 7. cxb5 a6 8. bxa6 O-O 9. Bc4 Bxa6 10. Qe2 Bxc4 11. Nxc4 e6 12. dxe6 fxe6 13. O-O d5 14. exd5 exd5 15. Qe6+ Kh8 16. Nce5 Ra7 17. Ng5 Qe7 18. Qxe7 Rxe7 19. f4 Nbd7 20. Nxd7 Nxd7 21. a4 Bd4+ 22. Kh1 Rxf4 23. Bxf4 Nb6 24. a5 Nc4 25. a6 1-0

[Event "Titled Tuesday intern op 21st Dec"]
[Site "Chess.com INT"]
[Date "2021.12.21"]
[Round "4"]
[White "Derraugh, Geordie"]
[Black "Tzoumbas, Anastasios"]
[Result "1/2-1/2"]
[WhiteElo "2209"]
[BlackElo "2287"]
[PlyCount "155"]
[EventDate "2021.12.21"]
[EventType "swiss (blitz)"]
[EventRounds "11"]
[EventCountry "USA"]
[SourceTitle "CBM 205 Extra"]
[Source "ChessBase"]
[SourceDate "2022.01.31"]
[SourceVersion "1"]
[SourceVersionDate "2022.01.31"]
[SourceQuality "1"]

1. e4 c5 2. c3 Nf6 3. e5 Nd5 4. d4 cxd4 5. Nf3 e6 6. cxd4 Nc6 7. Nc3 Nxc3 8. bxc3 d6 9. exd6 Bxd6 10. Bd3 Ne7 11. Bg5 h6 12. Bh4 O-O 13. Bc2 Qa5 14. Qd3 Ng6 15. Bg3 Rd8 16. Nh4 Nf8 17. O-O b6 18. f4 Ba6 19. c4 Rac8 20. Bb3 Rc7 21. f5 Bxg3 22. hxg3 e5 23. d5 Nd7 24. f6 Nxf6 25. Rxf6 gxf6 26. Nf5 Qc5+ 27. Kh2 Bxc4 28. Nxh6+ Kf8 29. Qf5 Bxd5 30. Qxf6 Rd6 31. Qh8+ Ke7 32. Nf5+ Kd7 33. Qxe5 Be6 34. Qxd6+ Qxd6 35. Nxd6 Kxd6 36. Rd1+ Ke7 37. Re1 a5 38. g4 b5 39. Kg3 a4 40. Bxe6 fxe6 41. Re2 Rc3+ 42. Kf4 b4 43. g5 b3 44. axb3 axb3 45. Kg4 Rc2 46. Re3 b2 47. Rb3 Rxg2+ 48. Kh5 Rh2+ 49. Kg6 e5 50. Kf5 Kd6 51. Rb6+ Kc5 52. Rb8 Kd4 53. g6 e4 54. g7 Rf2+ 55. Kg4 Rg2+ 56. Kf4 Rxg7 57. Rxb2 Rf7+ 58. Kg3 Ke3 59. Kg2 Rg7+ 60. Kf1 Rf7+ 61. Ke1 Rd7 62. Rb3+ Rd3 63. Rb2 Ra3 64. Re2+ Kd3 65. Rd2+ Ke3 66. Re2+ Kf3 67. Rf2+ Kg3 68. Rc2 e3 69. Ke2 Kf4 70. Rc4+ Ke5 71. Rg4 Ra2+ 72. Kxe3 Ra3+ 73. Kd2 Ra2+ 74. Kc3 Ra3+ 75. Kb2 Re3 76. Rb4 Rd3 77. Rb3 Rxb3+ 78. Kxb3 1/2-1/2

[Event "Titled Tuesday intern op 21st Dec"]
[Site "Chess.com INT"]
[Date "2021.12.21"]
[Round "4"]
[White "Dobrov, Vladimir"]
[Black "Turner, Max N"]
[Result "1-0"]
[WhiteElo "2478"]
[BlackElo "2223"]
[PlyCount "31"]
[EventDate "2021.12.21"]
[EventType "swiss (blitz)"]
[EventRounds "11"]
[EventCountry "USA"]
[SourceTitle "CBM 205 Extra"]
[Source "ChessBase"]
[SourceDate "2022.01.31"]
[SourceVersion "1"]
[SourceVersionDate "2022.01.31"]
[SourceQuality "1"]

1. d4 d5 2. c4 e6 3. Nf3 Nf6 4. Nc3 Be7 5. Qc2 O-O 6. e4 dxe4 7. Nxe4 Nxe4 8. Qxe4 Nd7 9. Bd3 Nf6 10. Qh4 Bb4+ 11. Ke2 b6 12. Bg5 h6 13. Bxh6 gxh6 14. Qxh6 Re8 15. Ng5 Bf8 16. Bh7+ 1-0

[Event "Titled Tuesday intern op 21st Dec"]
[Site "Chess.com INT"]
[Date "2021.12.21"]
[Round "4"]
[White "Dogan, Mire Deniz"]
[Black "Abdulla, Khayala Mardan Qizi"]
[Result "1/2-1/2"]
[WhiteElo "1987"]
[BlackElo "2219"]
[PlyCount "113"]
[EventDate "2021.12.21"]
[EventType "swiss (blitz)"]
[EventRounds "11"]
[EventCountry "USA"]
[SourceTitle "CBM 205 Extra"]
[Source "ChessBase"]
[SourceDate "2022.01.31"]
[SourceVersion "1"]
[SourceVersionDate "2022.01.31"]
[SourceQuality "1"]

1. d4 Nf6 2. Nf3 d5 3. c4 e6 4. Nc3 b6 5. cxd5 exd5 6. Bg5 Be7 7. e3 O-O 8. Bd3 Bb7 9. Qc2 h6 10. Bf4 Nbd7 11. O-O c5 12. Rac1 Nh5 13. Bg3 Nxg3 14. hxg3 Nf6 15. Ne5 Rc8 16. Qe2 cxd4 17. exd4 Bd6 18. Rfe1 Re8 19. Qf3 Re7 20. Qf5 a6 21. Ng4 Ne4 22. Nxe4 dxe4 23. Bb1 Rxc1 24. Rxc1 Re8 25. Re1 Qe7 26. f3 Bc8 27. Qxe4 Qxe4 28. Rxe4 Rxe4 29. Bxe4 f5 30. Bd5+ Kf8 31. Ne3 Ke7 32. Kf2 g5 33. g4 Kf6 34. Nxf5 Bxf5 35. gxf5 Kxf5 36. Be4+ Kf6 37. b3 b5 38. g4 a5 39. Ke3 a4 40. Kd3 axb3 41. axb3 b4 42. Kc4 Ke6 43. Bf5+ Kf6 44. Kd5 Bf4 45. Kc6 Ke7 46. d5 Bd6 47. Be6 Be5 48. Kb6 Bd6 49. Kb5 Kd8 50. Kc6 Ke7 51. Bf5 Be5 52. Kc5 Bd6+ 53. Kb5 Kd8 54. Kb6 Ke7 55. Kc6 Be5 56. Kb5 Bd6 57. Kc6 1/2-1/2

[Event "Titled Tuesday intern op 21st Dec"]
[Site "Chess.com INT"]
[Date "2021.12.21"]
[Round "4"]
[White "Doluhanova, Evgeniya"]
[Black "Jary, Sergey"]
[Result "1-0"]
[WhiteElo "2264"]
[BlackElo "2275"]
[PlyCount "83"]
[EventDate "2021.12.21"]
[EventType "swiss (blitz)"]
[EventRounds "11"]
[EventCountry "USA"]
[SourceTitle "CBM 205 Extra"]
[Source "ChessBase"]
[SourceDate "2022.01.31"]
[SourceVersion "1"]
[SourceVersionDate "2022.01.31"]
[SourceQuality "1"]

1. Nf3 Nf6 2. b3 g6 3. Bb2 Bg7 4. e4 d6 5. e5 dxe5 6. Bxe5 Nc6 7. Bb2 Bf5 8. Bb5 Bd7 9. O-O O-O 10. d4 a6 11. Bd3 Bf5 12. Bxf5 gxf5 13. Qd3 e6 14. Nbd2 Nb4 15. Qc4 Qe7 16. Ba3 Nfd5 17. c3 b5 18. Bxb4 bxc4 19. Bxe7 Nxe7 20. Nxc4 c5 21. dxc5 Nd5 22. Nce5 Rfc8 23. c4 Nb4 24. c6 f6 25. Nd7 Rxc6 26. a3 Nd3 27. Rad1 Nf4 28. Rfe1 a5 29. c5 Nd5 30. Nd4 Rc7 31. Nb6 Nxb6 32. cxb6 Rb7 33. Rxe6 Kf7 34. Rc6 Rd8 35. Rc7+ Rxc7 36. bxc7 Rc8 37. Nb5 Bf8 38. Rd8 Rxc7 39. Nxc7 Bxa3 40. Rd7+ Kg6 41. Nd5 f4 42. Nxf4+ 1-0

[Event "Titled Tuesday intern op 21st Dec"]
[Site "Chess.com INT"]
[Date "2021.12.21"]
[Round "4"]
[White "Dorohin, Mihail"]
[Black "Osmonbekov, Talaibek D"]
[Result "0-1"]
[WhiteElo "2323"]
[BlackElo "2136"]
[PlyCount "80"]
[EventDate "2021.12.21"]
[EventType "swiss (blitz)"]
[EventRounds "11"]
[EventCountry "USA"]
[SourceTitle "CBM 205 Extra"]
[Source "ChessBase"]
[SourceDate "2022.01.31"]
[SourceVersion "1"]
[SourceVersionDate "2022.01.31"]
[SourceQuality "1"]

1. d4 e6 2. Nf3 f5 3. Nc3 Nf6 4. Bg5 Bb4 5. a3 Bxc3+ 6. bxc3 h6 7. Bf4 O-O 8. h3 d6 9. e3 Ne4 10. Qd3 Nc6 11. Nd2 e5 12. Bh2 Nxd2 13. Qxd2 f4 14. dxe5 fxe3 15. Qxe3 Nxe5 16. Bxe5 dxe5 17. Bc4+ Kh8 18. O-O Qf6 19. Rad1 Bf5 20. Bb3 b6 21. Rd2 Rae8 22. Rfd1 Qg6 23. Kh2 Be4 24. f3 Bf5 25. a4 a5 26. c4 c5 27. Ba2 Bxc2 28. Rc1 Bxa4 29. Bb1 Qf6 30. Qe4 Qf4+ 31. Qxf4 exf4 32. Rd6 Rb8 33. Re1 Bb3 34. Bd3 a4 35. Re7 Rfd8 36. Rxd8+ Rxd8 37. Be2 a3 38. Ra7 a2 39. Ra3 Rd2 40. Bf1 Rd1 0-1

[Event "Titled Tuesday intern op 21st Dec"]
[Site "Chess.com INT"]
[Date "2021.12.21"]
[Round "4"]
[White "Einarsson, Halldor Gretar"]
[Black "Olcayoz, Alper"]
[Result "0-1"]
[WhiteElo "2207"]
[BlackElo "2244"]
[PlyCount "66"]
[EventDate "2021.12.21"]
[EventType "swiss (blitz)"]
[EventRounds "11"]
[EventCountry "USA"]
[SourceTitle "CBM 205 Extra"]
[Source "ChessBase"]
[SourceDate "2022.01.31"]
[SourceVersion "1"]
[SourceVersionDate "2022.01.31"]
[SourceQuality "1"]

1. d4 Nf6 2. c4 e5 3. e3 Nc6 4. Nc3 Bb4 5. d5 Ne7 6. Qb3 a5 7. a3 Bc5 8. Bd3 d6 9. Nge2 O-O 10. Ng3 Ne8 11. Nce4 Ba7 12. h4 h6 13. f3 f5 14. Nf2 Nf6 15. Qc2 f4 16. exf4 exf4 17. Ne2 Nh5 18. Nh3 Bxh3 19. Rxh3 Qd7 20. Bd2 Nf5 21. O-O-O Ne3 22. Bxe3 Bxe3+ 23. Kb1 c6 24. Be4 Nf6 25. dxc6 bxc6 26. Bf5 Qe7 27. Qd3 Rfd8 28. Nc3 Rab8 29. Ne4 d5 30. Nxf6+ Qxf6 31. Qc2 dxc4 32. Qxc4+ Kh8 33. Qc2 Rxd1+ 0-1

[Event "Titled Tuesday intern op 21st Dec"]
[Site "Chess.com INT"]
[Date "2021.12.21"]
[Round "4"]
[White "Elgersma, Onno"]
[Black "Shahade, Gregory P"]
[Result "0-1"]
[WhiteElo "2282"]
[BlackElo "2476"]
[PlyCount "118"]
[EventDate "2021.12.21"]
[EventType "swiss (blitz)"]
[EventRounds "11"]
[EventCountry "USA"]
[SourceTitle "CBM 205 Extra"]
[Source "ChessBase"]
[SourceDate "2022.01.31"]
[SourceVersion "1"]
[SourceVersionDate "2022.01.31"]
[SourceQuality "1"]

1. c4 Nf6 2. Nc3 d5 3. cxd5 Nxd5 4. Nf3 g6 5. h4 Bg7 6. h5 c5 7. e4 Nxc3 8. bxc3 Nc6 9. Rb1 O-O 10. Bc4 Na5 11. Be2 Be6 12. Qa4 b6 13. e5 Qd5 14. Qh4 Bf5 15. hxg6 Bxg6 16. c4 Qe4 17. Qxe4 Bxe4 18. d3 Bxf3 19. Bxf3 Rad8 20. Be4 Bxe5 21. Bxh7+ Kg7 22. Be4 Rh8 23. Rxh8 Rxh8 24. Ke2 Rh1 25. g3 Rh2 26. Be3 e6 27. a4 f5 28. Ba8 Kf6 29. Bf3 Bxg3 30. Rg1 Be5 31. Rg8 f4 32. Rf8+ Ke7 33. Bxf4 Bxf4 34. Rxf4 Nb3 35. Rg4 Nd4+ 36. Ke3 Rh3 37. Rg3 Nf5+ 38. Kf4 Nxg3 39. fxg3 Rh2 40. Bc6 Rd2 41. Ke3 Ra2 42. g4 Kf6 43. Kf4 Rf2+ 44. Ke4 Re2+ 45. Kf4 Rd2 46. Ke4 Kg5 47. Bd7 Ra2 48. Bxe6 Rxa4 49. d4 cxd4 50. Kxd4 Ra5 51. Bf5 Rc5 52. Kc3 Kf4 53. Kb4 Ke3 54. Be6 Kd4 55. Bd5 a5+ 56. Kb3 b5 57. Bg8 bxc4+ 58. Kc2 c3 59. g5 Rxg5 0-1

[Event "Titled Tuesday intern op 21st Dec"]
[Site "Chess.com INT"]
[Date "2021.12.21"]
[Round "4"]
[White "Erdogdu, Mert"]
[Black "Perez Ponsa, Federico"]
[Result "1-0"]
[WhiteElo "2407"]
[BlackElo "2561"]
[PlyCount "85"]
[EventDate "2021.12.21"]
[EventType "swiss (blitz)"]
[EventRounds "11"]
[EventCountry "USA"]
[SourceTitle "CBM 205 Extra"]
[Source "ChessBase"]
[SourceDate "2022.01.31"]
[SourceVersion "1"]
[SourceVersionDate "2022.01.31"]
[SourceQuality "1"]

1. e4 c5 2. Nf3 d6 3. d4 cxd4 4. Nxd4 Nf6 5. Nc3 a6 6. Be3 e5 7. Nb3 Be7 8. f3 Be6 9. Qd2 O-O 10. O-O-O Nbd7 11. g4 b5 12. g5 Nh5 13. Kb1 Nb6 14. Rg1 Qc7 15. Nd5 Nxd5 16. exd5 Bd7 17. Bd3 a5 18. a3 Rfb8 19. Ka1 b4 20. Be4 a4 21. Nc5 bxa3 22. bxa3 Bc8 23. Nd3 Ba6 24. Nb4 Bc4 25. Rb1 g6 26. Nc6 Rxb1+ 27. Rxb1 Bf8 28. Rb4 Bf1 29. Qf2 Bh3 30. Bb6 Qc8 31. Be3 Bf5 32. Kb2 Qd7 33. Qe2 Nf4 34. Qb5 h6 35. h4 hxg5 36. hxg5 Bxe4 37. fxe4 Qg4 38. Qb7 Re8 39. Rxa4 Qxg5 40. Ra7 Qf6 41. Qd7 Ng2 42. Bb6 Qf1 43. a4 1-0

[Event "Titled Tuesday intern op 21st Dec"]
[Site "Chess.com INT"]
[Date "2021.12.21"]
[Round "4"]
[White "Eynullayev, Atilla Elshan"]
[Black "Khamdamova, Afruza"]
[Result "1-0"]
[WhiteElo "2324"]
[BlackElo "1771"]
[PlyCount "55"]
[EventDate "2021.12.21"]
[EventType "swiss (blitz)"]
[EventRounds "11"]
[EventCountry "USA"]
[SourceTitle "CBM 205 Extra"]
[Source "ChessBase"]
[SourceDate "2022.01.31"]
[SourceVersion "1"]
[SourceVersionDate "2022.01.31"]
[SourceQuality "1"]

1. e4 e5 2. Nf3 Nf6 3. Nxe5 d6 4. Nf3 Nxe4 5. Qe2 Qe7 6. d3 Nf6 7. Bg5 Qxe2+ 8. Bxe2 Be7 9. Nc3 Be6 10. O-O-O Nc6 11. Rde1 O-O-O 12. Bd1 d5 13. Nb5 a6 14. Nbd4 Nxd4 15. Nxd4 Rd6 16. Bf4 Rb6 17. a4 Bd6 18. Be3 c5 19. Nxe6 fxe6 20. c4 d4 21. Bd2 Re8 22. Bf3 Bc7 23. Re2 Rd6 24. Rhe1 Nd7 25. Kc2 e5 26. Bg4 Kb8 27. f4 Rg6 28. Bxd7 1-0

[Event "Titled Tuesday intern op 21st Dec"]
[Site "Chess.com INT"]
[Date "2021.12.21"]
[Round "4"]
[White "Fajdetic, Hrvoje"]
[Black "Loy, Konstantin"]
[Result "0-1"]
[WhiteElo "2151"]
[BlackElo "2268"]
[PlyCount "80"]
[EventDate "2021.12.21"]
[EventType "swiss (blitz)"]
[EventRounds "11"]
[EventCountry "USA"]
[SourceTitle "CBM 205 Extra"]
[Source "ChessBase"]
[SourceDate "2022.01.31"]
[SourceVersion "1"]
[SourceVersionDate "2022.01.31"]
[SourceQuality "1"]

1. d4 Nf6 2. Bf4 g6 3. Nc3 Bg7 4. e4 O-O 5. Qb1 c5 6. d5 e6 7. Be2 exd5 8. exd5 d6 9. Nf3 Na6 10. O-O Nb4 11. Rd1 Bf5 12. Rd2 Ne4 13. Nxe4 Bxe4 14. Ng5 Bf5 15. a3 Na6 16. Bxa6 bxa6 17. Qa2 Rb8 18. c3 h6 19. Nf3 Be4 20. Ne1 g5 21. Bg3 f5 22. f3 f4 23. Bf2 Bg6 24. Qc4 a5 25. Nd3 Re8 26. h4 Qf6 27. Re1 Rxe1+ 28. Bxe1 Re8 29. Bf2 Kh7 30. Kf1 Bf7 31. Re2 Rxe2 32. Kxe2 Qf5 33. Qe4 Kg6 34. Qxf5+ Kxf5 35. c4 Bg6 36. hxg5 hxg5 37. Kd2 a4 38. Be1 g4 39. fxg4+ Kxg4 40. Kc1 Bxd3 0-1

[Event "Titled Tuesday intern op 21st Dec"]
[Site "Chess.com INT"]
[Date "2021.12.21"]
[Round "4"]
[White "Forgas Moreno, Yaniela"]
[Black "Martin Duque, Jesus"]
[Result "0-1"]
[WhiteElo "2310"]
[BlackElo "2416"]
[PlyCount "64"]
[EventDate "2021.12.21"]
[EventType "swiss (blitz)"]
[EventRounds "11"]
[EventCountry "USA"]
[SourceTitle "CBM 205 Extra"]
[Source "ChessBase"]
[SourceDate "2022.01.31"]
[SourceVersion "1"]
[SourceVersionDate "2022.01.31"]
[SourceQuality "1"]

1. e4 c5 2. Nf3 b6 3. d4 cxd4 4. Nxd4 Bb7 5. Nc3 a6 6. a4 e6 7. Be2 Qc7 8. O-O Nf6 9. f3 Be7 10. Be3 d6 11. Rf2 Nbd7 12. Bf1 Rc8 13. Rd2 Qb8 14. Qe1 O-O 15. Rad1 Rfe8 16. Bf2 Bf8 17. Nb3 Qa8 18. Bg3 Ne5 19. Nd4 Nc4 20. Bxc4 Rxc4 21. Nb3 d5 22. e5 Nd7 23. Bf2 Nc5 24. Nxc5 bxc5 25. Rd3 Rb4 26. b3 c4 27. bxc4 Rxc4 28. a5 Rec8 29. Bd4 Bb4 30. Qe3 Rxd4 31. Rxd4 Rxc3 32. Qg5 Bc5 0-1

[Event "Titled Tuesday intern op 21st Dec"]
[Site "Chess.com INT"]
[Date "2021.12.21"]
[Round "4"]
[White "Hakobyan, Aram"]
[Black "Diaz Camallonga, Carles"]
[Result "1-0"]
[WhiteElo "2602"]
[BlackElo "2463"]
[PlyCount "79"]
[EventDate "2021.12.21"]
[EventType "swiss (blitz)"]
[EventRounds "11"]
[EventCountry "USA"]
[SourceTitle "CBM 205 Extra"]
[Source "ChessBase"]
[SourceDate "2022.01.31"]
[SourceVersion "1"]
[SourceVersionDate "2022.01.31"]
[SourceQuality "1"]

1. d4 e6 2. c4 Nf6 3. Nc3 Bb4 4. e3 O-O 5. Bd3 d5 6. a3 Be7 7. cxd5 exd5 8. Nf3 b6 9. O-O Ba6 10. Bxa6 Nxa6 11. b4 c6 12. Ne5 Qc8 13. Bb2 Nd7 14. Nxc6 Qxc6 15. b5 Qc4 16. bxa6 Nf6 17. Qa4 Rfc8 18. Qxc4 Rxc4 19. Rfc1 Kf8 20. a4 Ke8 21. Nb5 Rxc1+ 22. Rxc1 Kd8 23. Rc7 Ne8 24. Rxa7 Rxa7 25. Nxa7 Nc7 26. Nc6+ Kd7 27. Ne5+ Ke6 28. a7 f6 29. Nd3 Kd7 30. Nf4 Kc6 31. Ne6 Na8 32. Nxg7 Kb7 33. Nf5 Bf8 34. f3 Kxa7 35. e4 Nc7 36. e5 fxe5 37. dxe5 Ka6 38. Bc3 Ne6 39. Kf1 Nc5 40. Bb4 1-0